Data-centric CRE (Record no. 115339)
[ view plain ]
| 000 -LEADER | |
|---|---|
| fixed length control field | 01206cad a22002055a 4500 |
| 001 - CONTROL NUMBER | |
| control field | L158487 |
| 008 - FIXED-LENGTH DATA ELEMENTS--GENERAL INFORMATION | |
| fixed length control field | 120720s2014 xxk 000 0 eng d |
| 035 ## - SYSTEM CONTROL NUMBER | |
| System control number | (Sirsi) u158487 |
| 041 0# - LANGUAGE CODE | |
| Language code of text/sound track or separate title | eng |
| 110 2# - MAIN ENTRY--CORPORATE NAME | |
| Corporate name or jurisdiction name as entry element | Jones Lang LaSalle |
| 9 (RLIN) | 3755 |
| 245 00 - TITLE STATEMENT | |
| Title | Data-centric CRE |
| Remainder of title | A competitive imperative |
| Medium | [electronic resource] |
| 260 ## - PUBLICATION, DISTRIBUTION, ETC. | |
| Place of publication, distribution, etc. | [S.l.] |
| Name of publisher, distributor, etc. | JLL |
| Date of publication, distribution, etc. | 2014 |
| 490 #0 - SERIES STATEMENT | |
| Series statement | JLL Corporate Real Estate Data and Analytics |
| Volume/sequential designation | July 2014 |
| 520 ## - SUMMARY, ETC. | |
| Summary, etc. | Explores the challenges and perceptions of data and analytics in the corporate real estate market, by taking an in-depth look at the competitive advantages of companies who capture, manage and use data effectively, including ability to make smarter, more accurate decision making, enhanced productivity of your corporate real estate team, extended influence with senior business leaders, ability to measure success, allows for the development and assessment of future-proofing scenarios, and aligns your real estate portfolio to operations and wider business strategy. |
| 590 ## - LOCAL NOTE (RLIN) | |
| Local note | NTK KA |
| 651 #4 - SUBJECT ADDED ENTRY--GEOGRAPHIC NAME | |
| Geographic name | International |
| 690 ## - LOCAL SUBJECT ADDED ENTRY--TOPICAL TERM (OCLC, RLIN) | |
| Topical term or geographic name as entry element | Business and management |
| 856 40 - ELECTRONIC LOCATION AND ACCESS | |
| Uniform Resource Identifier | <a href="https://www.jll.com/research/104/data-centric-cre">https://www.jll.com/research/104/data-centric-cre</a> |
| Public note | View the report at www.jll.com |
| 942 ## - ADDED ENTRY ELEMENTS (KOHA) | |
| Suppress in OPAC | 0 |
| Withdrawn status | Lost status | Source of classification or shelving scheme | Damaged status | Not for loan | Home library | Current library | Shelving location | Date acquired | Total Checkouts | Full call number | Barcode | Date last seen | Copy number | Price effective from | Koha item type |
|---|---|---|---|---|---|---|---|---|---|---|---|---|---|---|---|
| Dewey Decimal Classification | Virtual | Virtual | Online | 18/03/2015 | ONLINE PUBLICATION | 158487-2001 | 06/08/2019 | 1 | 06/08/2019 | Book |